Statistics for Expensive Car Quiz #1

Click here to take the quiz!

General Stats

  • This quiz has been taken 135 times
    (119 since last reset)
  • The average score is 21 of 45

Answer Stats

HintCar Company% Correct
GT40Ford
91%
FXFerrari
81%
LFALexus
80%
XJ220Jaguar
79%
NSX Type RHonda/Acura
78%
ZondaPagani
77%
SRT10Dodge
75%
EB110Bugatti
75%
8CAlfa Romeo
72%
DB AR1Aston Martin
72%
ZR1Chevrolet
72%
Nuvolari QuattroAudi
69%
GT1Porsche
67%
MerakMaserati
67%
C111Mercedes-Benz
64%
S7Saleen
63%
HeuliezLamborghini
62%
Venom GTHennessey
62%
AtomAriel
60%
NazcaBMW
57%
M600Noble
56%
ExeleroMaybach
52%
Nardo W12Volkswagen
49%
HunaudieresBentley
46%
CC8SKoenigsegg
44%
AcecaAC
41%
SpanoGTA
41%
MajesticRolls-Royce
35%
EsparantePanoz
31%
B2Marussia
31%
ST1Zenvo
31%
Speed 12TVR
23%
Q1Rossion
22%
Moroder V16TCizeta
19%
GT MF5Wiesmann
19%
EcosseAscari
16%
GTXDevon
14%
Latigo CSFisker
14%
EdonisB. Engineering
14%
VertigoGillet
12%
VallelungaDeTomaso
10%
BoracLaraki
10%
GT (Hint: A)Artega
7%
Monte CarloMega
6%
StradaBizzarrini
1%

Score Distribution

Percentile by Number Answered

Percent of People with Each Score

Your Score History

You have not taken this quiz since the last reset